| 000 | 00755nam a22002297a 4500 | ||
|---|---|---|---|
| 999 |
_c2643 _d2643 |
||
| 003 | AR-CdUCM | ||
| 008 | 190305b ||||| |||| 00| 0 spa d | ||
| 020 | _a84-7232-342-0 | ||
| 040 |
_aMUNICIPALIDAD PROVINCIAL DEL CUSCO _cBIBLIOTECA MUNICIPAL DEL CUSCO |
||
| 082 |
_a616.024 / _bG86 |
||
| 100 |
_aGuerra, Francisco _99291 |
||
| 245 | _aEl libro de medicinas caseras de F.R.Blas de la madre de dios manila,1611/ | ||
| 260 |
_aMadrid : _bEdic.Cultura Hispanica, _c1984. |
||
| 300 |
_a176 paginas ; _c22 cm. |
||
| 505 | _aLibro de medicinas caseras / | ||
| 650 |
_aMedicina _93637 |
||
| 650 |
_aRemedios caseros _99292 |
||
| 650 |
_aCiencias medicas _99293 |
||
| 700 |
_aMaria del Carmen Sanches Tellez _99294 |
||
| 942 |
_2ddc _cLIBROS |
||
| 945 | _arjall | ||